| 000 | 00731nam a2200241 i 4500 | ||
|---|---|---|---|
| 001 | bg | ||
| 100 | 1 |
_aKIDYBA, Andrzej _d(1957- ). |
|
| 245 | 1 | 0 |
_aKodeks spółek handlowych. _nT. 1, _pKomentarz do art. 1-300 k.s.h. / _cAndrzej Kidyba. |
| 250 | _aWyd. 2, stan prawny na 15 stycznia 2004 r. | ||
| 260 |
_aKraków : _b"Zakamycze", _c2004. |
||
| 300 |
_a1285 s. ; _c22 cm. |
||
| 490 | 1 | _aKomentarze Zakamycza | |
| 650 | 9 |
_aSpółki handlowe _xprawo _zPolska _ystan na 2004 r. |
|
| 830 | _aKomentarze Zakamycza | ||
| 015 | _aPB 4763/2004 | ||
| 020 | _a8373333207 | ||
| 040 | _cBPK | ||
| 041 | 0 | _apol | |
| 080 | _a347.72(438)(094.4.07) | ||
| 920 | _a83-7333-320-7 | ||
| 942 | _cKS | ||
| 008 | s pl f |000 0 pol | ||
| 999 |
_c51575 _d51575 |
||
| 856 |
_uhttp://koha.tu.koszalin.pl/cgi-bin/koha/opac-detail.pl?biblionumber=51575 _yKatalog online BPK |
||